NLSUI OPAC header image

European perspectives on environmental law and governance (Record no. 32618)

MARC details
000 -LEADER
fixed length control field 01723nam a2200217Ia 4500
003 - CONTROL NUMBER IDENTIFIER
control field OSt
005 - DATE AND TIME OF LATEST TRANSACTION
control field 20210601133900.0
008 - FIXED-LENGTH DATA ELEMENTS--GENERAL INFORMATION
fixed length control field 160316s2013 xxu||||| |||| 00| 0 eng d
020 ## - INTERNATIONAL STANDARD BOOK NUMBER
International Standard Book Number 9781138809680
040 ## - CATALOGING SOURCE
Transcribing agency n
082 ## - DEWEY DECIMAL CLASSIFICATION NUMBER
Classification number 344.046000
Item number KIN
100 ## - MAIN ENTRY--PERSONAL NAME
Personal name Kingston Suzanne
245 ## - TITLE STATEMENT
Title European perspectives on environmental law and governance
260 ## - PUBLICATION, DISTRIBUTION, ETC.
Place of publication, distribution, etc. London
Name of publisher, distributor, etc. Routledge
Date of publication, distribution, etc. 2013
300 ## - PHYSICAL DESCRIPTION
Extent 245p
Dimensions xi
365 ## - TRADE PRICE
Price amount Rs. 7,456
505 ## - FORMATTED CONTENTS NOTE
Formatted contents note Table of contents<br/>1. Introduction, Suzanne Kingston;<br/>Part 1: The Climate Change Challenge;<br/>2. Linking Planetary Boundaries and Overconsumption by Individuals: a New Frontier for (EU Climate) Law?, Javier de Cendra de Larragan;<br/>3. The Challenge of Climate Change: International Law Perspectives, Alan Boyle;<br/>Part 2: The Integration Challenge;<br/>4. Giving a Voice to the Environment by Challenging the Practice of Integrating Environmental Requirements into other EU Policies, Ludwig Kramer;<br/>5. The CAP in 2020: Vision or Hindsight?, Joe McMahon;<br/>6. The Integration Challenge: Integrating Environmental Concerns into Other EU Policies, Owen McIntyre;<br/>Part 3: The Enforcement Challenge;<br/>7. Mind the Gap: Difficulties in Enforcement and the Continuing Unfulfilled Promise of EU Environmental Law, Suzanne Kingston;<br/>8. Commission Enforcement of EU Environmental Legislation in Ireland- a 20 Year Retrospective, Liam Cashman; 9. Delivering the Rule of Environmental Law in Ireland: Where Do We go From Here?, Aine Ryall;<br/>10. Environmental Enforcement in Ireland - the Need to get a Piece of the Multi-Party Action, Joanne Blennerhassett
650 ## - SUBJECT ADDED ENTRY--TOPICAL TERM
Topical term or geographic name entry element 1. Environmental Law - European Union Countries2. Environmental Policy
700 ## - ADDED ENTRY--PERSONAL NAME
Personal name
--
942 ## - ADDED ENTRY ELEMENTS (KOHA)
Source of classification or shelving scheme Dewey Decimal Classification
Koha item type BOOKs
Holdings
Withdrawn status Lost status Damaged status Not for loan Home library Current library Shelving location Date acquired Cost, normal purchase price Total Checkouts Full call number Barcode Date last seen Price effective from Koha item type
        . .   30.05.2017 7456.00   344.046 KIN 29556 30.05.2017 30.05.2017 BOOKs